Countries and Their Territories Closest to the UK plus its Territories - Statistics

General Stats
  • This quiz has been taken 890 times
  • The average score is 10 of 20
Answer Stats
km answer miles % Correct
0 Ireland 0
98%
22 France 14
94%
0 Spain 0
91%
80 Belgium 50
81%
133 Netherlands 82
81%
21 Morocco 13
64%
0 Cyprus 0
63%
49 St Kitts and Nevis 31
62%
65 Bahamas 40
59%
138 Dominica 85
57%
39 Antigua and Barbuda 24
55%
113 Turkey 70
46%
1 US Virgin Islands 0.5
36%
12 Sint Maarten 8
29%
43 Puerto Rico 27
26%
7 St Martin 4
25%
41 Martinique 26
24%
55 Guadeloupe 34
23%
46 Saba 29
12%
13 Sint Eustatius 8
10%
No matching quizzes found
Score Distribution
Percent of People with Each Score
Percentile by Number Answered
Your Score History
You have not taken this quiz